Glossario calcistico - Quiz n°13 - Statistics

Statistiche generali
  • Questo quiz è stato fatto 13 volte
  • Il punteggio medio è 8 su 15
Statistiche sulle risposte
Definizione Risposta % Corretto
Vittoria, nella stessa stagione, del campionato nazionale e di due coppe stagionali Treble
100%
Ripresa di gioco effettuata dall'area d'angolo. Viene assegnato alla squadra avversaria quando il pallone supera la propria linea di porta, toccato per ultimo da un calciatore della squadra difendente, senza però che sia stata segnata una rete Calcio d'angolo
92%
Giocatore che riveste il ruolo di rappresentante della squadra in campo. È preposto alla discussione con l'arbitro Capitano
92%
Comportamento sanzionabile con ammonizione che consiste nel simulare un fallo subìto. È punito con un calcio di punizione indiretto a favore della squadra avversaria Simulazione
83%
Dispositivo utilizzato per visualizzare a velocità ridotta le azioni di gioco Moviola
75%
Partita giocata il giorno dopo del regolare calendario Posticipo
75%
Ammonizione che pone un giocatore, nel corso di un torneo, nella condizione di essere sottoposto a sanzioni disciplinari in caso di comportamento scorretto reiterato Diffida
67%
Prolungamento dei 90' regolamentari, con due tempi da 15' ciascuno. Vi si ricorre in caso di parità nell'ambito dell'eliminazione diretta Tempi supplementari
67%
Movimento effettuato da un giocatore che, evitando il contatto con il pallone, lo fa scorrere verso un compagno di squadra. È spesso utilizzato per sorprendere la difesa avversaria Velo
58%
Vantaggio di cui gode la squadra che gioca in casa Fattore campo
33%
Termine mutuato dal biliardo. È sovente utilizzato per riferirsi ai passaggi del centravanti diretti ai compagni di squadra, atti a organizzare il gioco offensivo Sponda
33%
Tiro in porta prevedibile e facilmente neutralizzabile Tiro telefonato
25%
Massimo torneo calcistico per squadre di club mondiali; viene disputato ogni mese di dicembre. Inaugurato nel 2000, con un'edizione pilota, ha sostituito la Coppa Intercontinentale dal 2005 Campionato mondiale per club
8%
Centrocampista offensivo con attitudini di gioco fantasioso. Agisce sulla trequarti. Al contrario del bomber, di solito è un giocatore meno possente ma più tecnico Mezza punta
8%
Movimento in avanti di un giocatore atto a smarcarsi e a proporsi per ricevere un passaggio. Al contrario del taglio, è effettuato frontalmente Inserimento
0%
Nessun quiz corrispondente trovato
Distribuzione punteggi
Percentuale di utenti per punteggio
Percentile per numero di risposta
I tuoi punteggi nel tempo
Non hai fatto questo quiz